| 000 | 00737nam a2200229 u 4500 | ||
|---|---|---|---|
| 001 | 000020478 | ||
| 005 | 20200930011122.0 | ||
| 008 | 100809s2015 dr abc r 000 0 spa d | ||
| 040 |
_aDO-SdBNP _bspa _cBNPHU |
||
| 041 | 1 | 7 |
_aspa _beng |
| 082 |
_axxx _bxxx |
||
| 100 | 1 |
_aRicart, Guillermo _943159 |
|
| 245 | 1 | 0 |
_aMar vivo = The living sea / _cGuillermo Ricart ; ilustración Julián Amado ; traducción Martha Amado. |
| 246 | 3 | 1 | _aThe living sea |
| 250 | _aEd. bilingüe | ||
| 260 |
_aSanto Domingo : _bVicini, _c2015. |
||
| 300 |
_a250 p. : _bil., mapa, retr. ; _c35 cm. |
||
| 546 | _aTexto en Inglés y Español | ||
| 590 | _aInventariado, 2018/ YL | ||
| 700 | 1 | 2 |
_aAmado, Julián _eil. _929282 |
| 700 | 1 | 2 |
_aLugo, Martha _etrad. _943160 |
| 999 |
_c19982 _d19982 |
||